| 000 | 01139nam a2200313Ia 4500 | ||
|---|---|---|---|
| 005 | 20220317000936.0 | ||
| 008 | 160801s2006 ck a g 000 0 spa | ||
| 020 | _a9589782507 | ||
| 100 | 1 | _aFedorova, Mariana | |
| 245 | 1 | 3 |
_aEl circo más pequeño del mundo _cMariana Fedorova ; ilustrado por Eugen Sopko ; traducido por Ursula Domeinski de Pineda |
| 250 | _aPrimera edición | ||
| 300 |
_a24 páginas _bilustraciones a color _c28 cm |
||
| 534 | _tDer kleinnste zirkus der welt | ||
| 650 | 1 | 4 |
_2LEMB _aCuentos infantiles rusos _ySiglo XX |
| 650 | 1 | 4 |
_2LEMB _aLiteratura infantil rusa _ySiglo XX |
| 650 | 1 | 4 |
_2LEMB _aCircos en la literatura |
| 650 | 1 | 4 |
_2LEMB _aPayasos en la literatura |
| 650 | 1 | 4 |
_2LEMB _aAncianos en la literatura |
| 650 | 1 | 4 |
_2LEMB _aSolidaridad en la literatura |
| 700 | 1 |
_aSopko, Eugen _996001 |
|
| 700 | 1 |
_aDomeinski de Pineda, Ursula _996002 |
|
| 942 |
_2loc _cBKINF |
||
| 264 |
_aBogotá _bCangrejo _bGato Azul _c2006 |
||
| 336 |
_atexto _btxt _2rdacontent |
||
| 337 |
_asin mediación _bn _2rdamedia |
||
| 338 |
_avolumen _bnc _2rdacarrier |
||
| 040 |
_aCO-BoRNBP _bspa _erda _cCO-BoRNBP |
||
| 084 | _aC FED1 | ||
| 999 |
_c5472 _d5472 |
||